|
|
|
|
| LEADER |
01737nam a22004695i 4500 |
| 001 |
978-3-540-68367-4 |
| 003 |
DE-He213 |
| 005 |
20151204161900.0 |
| 007 |
cr nn 008mamaa |
| 008 |
100301s2008 gw | s |||| 0|eng d |
| 020 |
|
|
|a 9783540683674
|9 978-3-540-68367-4
|
| 024 |
7 |
|
|a 10.1007/978-3-540-68367-4
|2 doi
|
| 040 |
|
|
|d GrThAP
|
| 050 |
|
4 |
|a QD415-436
|
| 072 |
|
7 |
|a PNN
|2 bicssc
|
| 072 |
|
7 |
|a SCI013040
|2 bisacsh
|
| 082 |
0 |
4 |
|a 547
|2 23
|
| 100 |
1 |
|
|a Chebanov, Valentin A.
|e author.
|
| 245 |
1 |
0 |
|a Azaheterocycles Based on α, β-Unsaturated Carbonyls
|h [electronic resource] /
|c by Valentin A. Chebanov, Sergey M. Desenko, Thomas W. Gurley.
|
| 264 |
|
1 |
|a Berlin, Heidelberg :
|b Springer Berlin Heidelberg,
|c 2008.
|
| 300 |
|
|
|a VII, 210 p.
|b online resource.
|
| 336 |
|
|
|a text
|b txt
|2 rdacontent
|
| 337 |
|
|
|a computer
|b c
|2 rdamedia
|
| 338 |
|
|
|a online resource
|b cr
|2 rdacarrier
|
| 347 |
|
|
|a text file
|b PDF
|2 rda
|
| 505 |
0 |
|
|a Three-Membered Azaheterocycles -- Five-Membered Azaheterocycles -- Six-Membered Azaheterocycles Based on 1,3-Binucleophiles -- Cyclocondensations of 1,2-Diamines.
|
| 650 |
|
0 |
|a Chemistry.
|
| 650 |
|
0 |
|a Organic chemistry.
|
| 650 |
|
0 |
|a Medicinal chemistry.
|
| 650 |
|
0 |
|a Biochemistry.
|
| 650 |
1 |
4 |
|a Chemistry.
|
| 650 |
2 |
4 |
|a Organic Chemistry.
|
| 650 |
2 |
4 |
|a Medicinal Chemistry.
|
| 650 |
2 |
4 |
|a Biochemistry, general.
|
| 700 |
1 |
|
|a Desenko, Sergey M.
|e author.
|
| 700 |
1 |
|
|a Gurley, Thomas W.
|e author.
|
| 710 |
2 |
|
|a SpringerLink (Online service)
|
| 773 |
0 |
|
|t Springer eBooks
|
| 776 |
0 |
8 |
|i Printed edition:
|z 9783540683612
|
| 856 |
4 |
0 |
|u http://dx.doi.org/10.1007/978-3-540-68367-4
|z Full Text via HEAL-Link
|
| 912 |
|
|
|a ZDB-2-CMS
|
| 950 |
|
|
|a Chemistry and Materials Science (Springer-11644)
|